[Event "Zlatni otok Krk Open 2020"]
[Site "Malinska"]
[Date "2020.11.06"]
[Round "2.7"]
[White "Novosel, Lovro"]
[Black "Berke, Ana"]
[Result "0-1"]
[WhiteElo "1900"]
[BlackElo "2166"]
[Annotator "TA"]
[PlyCount "116"]
[EventDate "2020.11.05"]
[EventType "swiss"]
[EventCountry "CRO"]
[SourceTitle "playchess.com"]
[Source "ChessBase"]
[SourceQuality "1"]

{[%evp 27,116,-6,-2,-14,0,-26,-39,-54,-31,-31,-34,-28,-14,-22,-12,-22,-19,-14,0,0,0,-13,-5,-6,14,-20,-14,-14,-28,-45,-39,-41,0,-69,-47,-114,-113,-150,-143,-170,-45,-57,-51,-81,-74,-107,-102,-975,-973,-29980,-29979,-29962,-6713,-2074,0,-1263,-1237,-1223,-1226,-1225,-1231,-1174,-1072,-1397,-1383,-1293,-1265,-1116,-1115,-1105,-1116,-1024,0,-662,0,-991,-739,-662,-677,-1171,-876,-1145,-1145,-959,-581,-2541,-1857,-29993,-29994,-29994,-29995]} 1. Nf3 c5 2. g3 Nc6 3. Bg2 e5 4. O-O Nge7 5. c4 d6 6. Nc3 g6 7. Rb1 Bg7 8. a3 a5 9. d3 O-O 10. Bd2 Rb8 11. Ne1 Be6 12. Nc2 d5 13. cxd5 Nxd5 14. Nxd5 {14.Ne3 injects fresh life into this line.} Bxd5 15. Bxd5 {A37: Symmetrical English vs ...g6: 4 Bg2 Bg7 5 Nf3.} Qxd5 16. Ne3 Qe6 17. b4 {Black is slightly better.} axb4 18. axb4 cxb4 19. Bxb4 Rfd8 20. Bc5 {[#]} b5 $146 ({Predecessor:} 20... e4 21. Qb3 exd3 22. exd3 Qh3 23. Nd5 Qf5 24. Ne7+ Nxe7 25. Bxe7 Rxd3 26. Qb5 Rd5 {0-1 (56) Titz,H (2243)-Kilgus,G (2361) Vienna 2010}) 21. Qb3 Qd7 22. Rfc1 Nd4 23. Bxd4 exd4 24. Nf1 Qe7 25. Rb2 h5 26. Qd1 h4 $36 {[%mdl 2048] White is under pressure.} 27. Nd2 Rd5 28. Nf3 hxg3 29. hxg3 Bf6 (29... Bh6 $5 {[%cal Rh6c1]} 30. Ra1 Qd7 $15) 30. Qf1 (30. Qc2 $11) 30... Kg7 $15 31. Rbc2 (31. Qh3 $15) 31... b4 $17 32. Rb2 Rh5 33. Rcb1 Qd6 (33... Rbh8 $19 34. Qg2 Qe6) 34. Qg2 $1 $15 Be7 35. Nd2 Qe6 {Black continues to play with concentration.} 36. Nc4 Rbh8 {[%cal Bb8h8,Bh8h4,Bh4f4][%mdl 32]} 37. Ra1 $2 {[%mdl 8192]} (37. Qe4 $17) 37... g5 $19 38. Ra5 Qh6 39. Qe4 Rh1+ 40. Kg2 Qh3+ 41. Kf3 Rh4 $1 42. Qf5 Rf4+ $1 43. Qxf4 gxf4 44. Kxf4 Rf1 45. e4 Rd1 46. Rf5 f6 47. Ra2 Qh6+ 48. Kg4 Qg6+ 49. Kh3 Qh6+ 50. Kg4 Qg6+ 51. Kh3 $1 Rxd3 {[#] White must now prevent ...Qh7+.} 52. Ra7 Qf7 {Hoping for ...Qe6.} 53. Kg2 Kg6 54. Rf4 Qe6 55. Rb7 b3 56. Na5 Rc3 (56... Bd8 $2 {[#]} 57. Nc6 $1 $19 {[%mdl 512]}) 57. f3 Rc2+ 58. Kg1 Qh3 {Av CentiPawn Loss W=-61/B=-88. Weighted=-127/-91} 0-1

[Event "Zlatni otok Krk Open 2020"]
[Site "Malinska"]
[Date "2020.11.06"]
[Round "2.8"]
[White "Tomljanovic, Ivano"]
[Black "Doric, Nenad"]
[Result "0-1"]
[WhiteElo "1477"]
[BlackElo "2249"]
[Annotator "TA"]
[PlyCount "44"]
[EventDate "2020.11.05"]
[EventType "swiss"]
[EventCountry "CRO"]
[SourceTitle "playchess.com"]
[Source "ChessBase"]
[SourceQuality "1"]

{[%evp 17,44,0,8,0,24,15,11,6,28,0,18,22,25,15,30,5,0,0,0,0,11,10,43,-50,-14,-237,-217,-213,-109]} 1. e4 c5 2. Nf3 e6 3. d4 cxd4 4. Nxd4 Nf6 5. Nc3 Nc6 6. Ndb5 d6 7. Bg5 a6 8. Bxf6 gxf6 9. Nd4 Bd7 10. Be2 {B45: Sicilian Four Knights.} b5 11. a3 Qb6 12. Nb3 {[#] The position is equal.} Ne5 $146 ({Predecessor:} 12... Rc8 13. Qd2 Ne5 14. f4 Nc4 15. Bxc4 Rxc4 16. Qd3 Be7 17. a4 O-O 18. axb5 axb5 19. Rf1 Rfc8 20. Rf3 b4 21. Rh3 bxc3 22. Qg3+ Kh8 23. Qh4 Rxe4+ {0-1 (23) Popadic,P (1682)-Zecevic,I (2022) Tivat 2011}) 13. Nd4 (13. O-O {with more complications.} Be7 14. Qd2 O-O 15. Kh1 Rac8 16. f4) 13... Nc4 14. Bxc4 bxc4 15. Rb1 Bg7 16. Nf3 O-O 17. O-O Qc5 18. Re1 Rab8 19. Ne2 Rb6 20. c3 (20. Ng3 $14) 20... f5 21. Ned4 $2 (21. exf5 $1 $11 {and White is okay.} Qxf5 22. Nd2) 21... fxe4 $19 22. Rxe4 {[#]} e5 {Av CentiPawn Loss W=-30/B=-21. Weighted=-27/-20} (22... Rfb8 $1 $19 23. Re1 Rxb2 24. Rxb2 Rxb2) 0-1

[Event "Zlatni otok Krk Open 2020"]
[Site "Malinska"]
[Date "2020.11.06"]
[Round "2.9"]
[White "Garic, Mario"]
[Black "Vojak, Daniel"]
[Result "0-1"]
[WhiteElo "1878"]
[BlackElo "2236"]
[Annotator "ChessBase"]
[PlyCount "74"]
[EventDate "2020.11.05"]
[EventType "swiss"]
[EventCountry "CRO"]
[SourceTitle "playchess.com"]
[Source "ChessBase"]
[SourceQuality "1"]
[TimeControl "5400+30"]

1. e4 {[%emt 0:00:00]} c5 {[%emt 0:00:00]} 2. a3 {[%emt 0:00:00]} Nf6 {[%emt 0:02:45]} 3. e5 {[%emt 0:00:00]} Nd5 {[%emt 0:00:06]} 4. d4 {[%emt 0:00:09]} cxd4 {[%emt 0:00:31]} 5. Qxd4 {[%emt 0:00:13]} e6 {[%emt 0:00:54]} 6. Nf3 {[%emt 0:01:04]} Nc6 {[%emt 0:00:13]} 7. Qe4 {[%emt 0:00:11]} d6 {[%emt 0:00:29]} 8. c4 {[%emt 0:01:10]} Nde7 {[%emt 0:02:44]} 9. exd6 {[%emt 1:31:43]} Qxd6 {[%emt 1:26:48]} 10. Bf4 {[%emt 0:00:00]} Qd8 {[%emt 0:00:00]} 11. Nc3 {[%emt 0:00:00]} Ng6 {[%emt 0:00:00]} 12. Rd1 {[%emt 0:00:00]} Qa5 {[%emt 0:00:00]} 13. Bd2 {[%emt 0:00:00]} Qc7 {[%emt 0:00:00]} 14. Nb5 {[%emt 0:00:00]} Qb8 {[%emt 0:00:00]} 15. Bg5 {[%emt 0:00:00]} f6 {[%emt 0:00:00]} 16. Be3 {[%emt 0:00:00]} a6 {[%emt 0:00:00]} 17. Nbd4 {[%emt 0:00:00]} Nxd4 {[%emt 0:00:00]} 18. Bxd4 {[%emt 0:00:00]} Be7 {[%emt 0:00:00]} 19. Bd3 {[%emt 0:00:00]} O-O {[%emt 0:00:00]} 20. h4 {[%emt 0:00:00]} Qf4 {[%emt 0:00:00]} 21. Qe2 {[%emt 0:00:00]} Qc7 {[%emt 0:00:00]} 22. Qc2 {[%emt 0:00:00]} Rd8 {[%emt 0:00:00]} 23. Bxg6 {[%emt 0:00:00]} hxg6 {[%emt 0:00:00]} 24. O-O {[%emt 0:00:00]} e5 {[%emt 0:00:00]} 25. Be3 {[%emt 0:00:00]} Bf5 {[%emt 0:00:00]} 26. Qc1 {[%emt 0:00:00]} Bd3 {[%emt 0:00:00]} 27. Rfe1 {[%emt 0:00:00]} Qxc4 {[%emt 0:00:00]} 28. Bb6 {[%emt 0:00:00]} Qxc1 {[%emt 0:00:00]} 29. Rxc1 {[%emt 0:00:00]} Rdc8 {[%emt 0:00:00]} 30. g4 {[%emt 0:00:22]} Kf7 {[%emt 0:00:00]} 31. g5 {[%emt 0:00:48]} Bf5 {[%emt 0:00:00]} 32. Bc7 {[%emt 0:02:03]} b5 {[%emt 0:00:00]} 33. Rc3 {[%emt 0:00:39]} b4 {[%emt 0:00:00]} 34. Rc4 {[%emt 0:01:55]} Ra7 {[%emt 0:00:00]} 35. Rec1 {[%emt 0:02:00]} Bd3 {[%emt 0:00:00]} 36. Bb6 {[%emt 0:00:50]} Rxc4 {[%emt 0:00:00]} 37. Rxc4 {[%emt 0:00:08]} Rb7 {[%emt 0:14:00]} 0-1

[Event "Zlatni otok Krk Open 2020"]
[Site "Malinska"]
[Date "2020.11.06"]
[Round "3.3"]
[White "Vojak, Daniel"]
[Black "Horvat, Damjan"]
[Result "1/2-1/2"]
[WhiteElo "2236"]
[BlackElo "2155"]
[Annotator "TA"]
[PlyCount "103"]
[EventDate "2020.11.05"]
[EventType "swiss"]
[EventCountry "CRO"]
[SourceTitle "playchess.com"]
[Source "ChessBase"]
[SourceQuality "1"]

{[%evp 9,103,0,13,5,5,8,8,-8,33,18,85,81,77,66,89,90,106,129,130,89,88,75,72,40,42,37,39,39,178,159,158,97,106,36,31,22,44,0,0,0,0,0,0,0,0,0,0,0,0,0,0,-8,-8,-8,-8,-97,-29,-31,-28,-21,-25,-59,-35,-35,-8,-8,-8,-8,-8,-8,-8,-8,-8,-8,-8,-8,-8,-8,0,-8,-8,-8,0,-8,0,0,0,0,0,0,0,0,0,-8,-8,-8]} 1. Nf3 c5 2. g3 g6 3. Bg2 Bg7 4. O-O e5 5. c4 Ne7 6. Nc3 {A04: Unusual lines after 1 Nf3 and King's Indian Attack.} O-O 7. Rb1 Nbc6 8. Ne1 a6 {[#]} 9. Nd3 $146 ({Predecessor:} 9. a3 Rb8 10. b4 cxb4 11. axb4 b5 12. cxb5 axb5 13. Qb3 d6 14. Nc2 Be6 15. Nd5 {0-1 (27) Guerreiro,N (2050)-Nagy,G (2474) Maia 2018}) 9... d6 (9... b5 $11) 10. b4 $16 cxb4 11. Nxb4 Bf5 12. d3 Qd7 13. Nbd5 Rab8 14. a4 Nxd5 15. Nxd5 Bh3 16. Ba3 {[#] And now Bxh3 would win.} Bxg2 17. Kxg2 f5 18. f3 e4 ({Better is} 18... Rf7 $14) 19. dxe4 $18 ({Stronger than} 19. fxe4 fxe4 20. dxe4 Rxf1 $14) 19... fxe4 20. Nb6 ({But not} 20. fxe4 $6 Rxf1 21. Kxf1 Rf8+ 22. Kg1 Ne5 $14) (20. c5 $142) 20... exf3+ $16 21. Rxf3 (21. exf3 $16 Qf7 22. Bxd6) 21... Qe6 $14 22. Qd5 Rbe8 {...Qxd5 is the strong threat.} 23. Bxd6 (23. Rxf8+ {looks sharper.} Bxf8 24. e4 Ne5 25. Bb2 Nf7 26. Qxe6 Rxe6 27. Nd5) 23... Qxd5 24. Nxd5 Rxe2+ 25. Kf1 $1 Rxh2 26. Rxf8+ Bxf8 27. Nf6+ Kf7 28. Rxb7+ Kxf6 29. Bxf8 $11 {[%mdl 4096] Endgame KRB-KRN} Kf5 30. Rb6 Ne5 31. Rxa6 Nxc4 32. Bc5 (32. Rc6 $11 {remains equal.} Ne3+ 33. Ke1) 32... Nd2+ (32... Ra2 $17 33. Bd6 Nxd6 34. Rxd6 Kg4) 33. Ke1 Ne4 34. Bb6 Ra2 35. Ra8 Ra1+ 36. Ke2 Nc3+ (36... Nxg3+ {with more complications.} 37. Kf2 Kg4 38. a5 h5 39. Rg8 g5) 37. Kf3 {The position is equal.} Rxa4 38. Rxa4 Nxa4 {KB-KN} 39. Bd4 h5 {[#]} 40. g4+ $1 {[%mdl 512]} hxg4+ 41. Kg3 g5 42. Kf2 Ke4 43. Kg3 Kf5 44. Kf2 Kf4 45. Be3+ Kf5 {Threatens to win with ...Nc3.} 46. Bd4 $1 Kg6 47. Kg2 Kh6 48. Kf2 Kg6 49. Kg2 Kf5 50. Kg3 Ke4 51. Kxg4 Kxd4 52. Kxg5 {Av CentiPawn Loss W=-10/B=-9. Weighted=-9/-11} 1/2-1/2

[Event "Zlatni otok Krk Open 2020"]
[Site "Malinska"]
[Date "2020.11.06"]
[Round "3.4"]
[White "Mazuran, Gabrijel"]
[Black "Martic, Zlatko"]
[Result "0-1"]
[WhiteElo "2058"]
[BlackElo "2298"]
[Annotator "TA"]
[PlyCount "62"]
[EventDate "2020.11.05"]
[EventType "swiss"]
[EventCountry "CRO"]
[SourceTitle "playchess.com"]
[Source "ChessBase"]
[SourceQuality "1"]

{[%evp 13,62,31,42,40,32,30,41,25,39,-74,-78,-104,-75,-106,-76,-102,-72,-280,-245,-241,-178,-204,-162,-159,-148,-140,-149,-139,-150,-169,-171,-158,0,-273,-245,-1054,-1058,-1678,-1676,-1584,-1104,-1023,-1009,-1615,-1583,-1514,-1505,-29980,-29981,-29993,-29994]} 1. d4 Nf6 2. c4 g6 3. Nc3 Bg7 4. e4 d6 5. h3 O-O 6. Be3 e5 7. d5 c6 8. g4 {E71: King's Indian: 4 e4 d6 5 h3.} Na6 $1 {[%mdl 4] outshines the older 8...cxd5.} 9. Nge2 cxd5 10. cxd5 {White is slightly better.} h5 {[#]} 11. Bg2 $146 (11. f3 $14 {keeps the upper hand.}) ({Predecessor:} 11. f3 Nh7 12. Qd2 Bd7 13. Nc1 f5 14. gxf5 gxf5 15. Nd3 Kh8 16. O-O-O f4 17. Bf2 {1-0 (72) Potapova,M (2270)-Bodnaruk,A (2428) Sochi 2020}) 11... hxg4 $17 12. Bg5 Qb6 13. Qd2 Nc5 {Strongly threatening ...gxh3.} 14. O-O-O gxh3 15. Bf3 $2 (15. Bxf6 $17 Bxf6 16. Bxh3) 15... Bd7 16. Rdg1 Rfc8 17. Kb1 a5 18. Bxf6 Bxf6 19. Bg4 Bxg4 20. Rxg4 a4 {[%cal Ba5a4,Ba4a3][%mdl 32]} 21. Rxh3 a3 22. b3 Qb4 $2 (22... Kf8 $17 23. Qe3 Ke7) 23. Rh1 $2 {[%mdl 8192]} (23. Qh6 $11 {and White stays safe.} Rc7 24. Qh7+ Kf8 25. Rxg6 (25. Rf3 $2 Nxb3 26. Kc2 Nd4+ 27. Nxd4 exd4 $19 {[%mdl 64] Pin}) 25... Nxe4 26. Qg8+ Ke7 27. Qxa8 Nxc3+ 28. Nxc3 Rxc3 29. Rxc3 Qxc3 30. Qxb7+ Kf8 31. Qa8+ (31. Qb8+ Ke7 $11) 31... Ke7 32. Qa7+ Kf8 33. Qb8+ Ke7 34. Qb7+ Kf8 35. Qb8+ Ke7 36. Qb7+) 23... Rc7 24. Rgh4 $2 ({Don't blunder} 24. Qh6 $2 Nxb3 25. Kc2 Nd4+ 26. Kd3 Rac8 $19) (24. Ka1) 24... Rac8 $19 25. Rh7 Nxb3 ({And not} 25... Na4 26. Qh6 $1 {[%mdl 512]} Qxe4+ 27. Nxe4 Rc1+ 28. Nxc1 Rxc1+ 29. Rxc1 Nc3+ 30. Rxc3 Be7 31. Rh8#) 26. axb3 Qxb3+ 27. Ka1 Rxc3 28. Nxc3 Rxc3 ({Not} 28... Qxc3+ 29. Qxc3 Rxc3 30. R7h3 $11) 29. Rb1 {[#]} Qc4 $1 30. Rxf7 Kxf7 31. Qh6 Qd4 {Av CentiPawn Loss W=-146/B=-39. Weighted=-173/-39} 0-1

[Event "Zlatni otok Krk Open 2020"]
[Site "Malinska"]
[Date "2020.11.06"]
[Round "3.5"]
[White "Doric, Nenad"]
[Black "Stocko, Josip"]
[Result "1/2-1/2"]
[WhiteElo "2249"]
[BlackElo "2241"]
[Annotator "TA"]
[PlyCount "82"]
[EventDate "2020.11.05"]
[EventType "swiss"]
[EventCountry "CRO"]
[SourceTitle "playchess.com"]
[Source "ChessBase"]
[SourceQuality "1"]

{[%evp 12,82,17,15,23,29,28,31,33,0,21,8,6,0,45,35,22,30,31,41,38,32,30,0,0,0,0,0,7,0,0,0,0,0,0,0,0,-8,0,-6,0,0,3,-28,-28,-28,-28,-28,-28,-35,-35,-35,-35,-35,-34,-50,-50,-50,-50,-50,-50,-50,-50,-62,-62,-62,-55,-55,-55,-55,-55,-55,-55]} 1. d4 Nf6 2. c4 e6 3. Nf3 d5 4. Nc3 c6 5. Bg5 Nbd7 6. cxd5 exd5 7. e3 h6 {Nowadays more popular than 7...Be7. D35: Queen's Gambit Declined: Exchange Variation.} 8. Bh4 g5 9. Bg3 Nh5 {White is slightly better.} 10. Be5 Nxe5 11. Nxe5 Nf6 12. Bd3 {[#]} Bg7 $146 (12... Bd6 {feels hotter.} 13. f4 Rg8 14. Qf3 Be6 15. O-O-O Qe7) ({Predecessor:} 12... Be6 13. O-O Bd6 14. f4 Qe7 15. Rc1 Rg8 16. Qf3 Bxe5 17. dxe5 Nd7 18. Ne2 gxf4 19. exf4 {½-½ (79) Gozzoli,Y (2600)-Sjugirov,S (2675) chess24.com INT 2020}) 13. Qc2 Be6 14. O-O Nd7 15. f4 {Threatens to win with f5.} Nxe5 $1 16. fxe5 O-O 17. Ne2 f6 18. exf6 Rxf6 19. Ng3 Rxf1+ 20. Rxf1 Qe7 21. Bh7+ Kh8 22. Bg6 Rf8 23. Rxf8+ Bxf8 24. Qe2 c5 25. dxc5 Qxc5 26. Qd2 Qb6 (26... Qb4 {is interesting.} 27. Qf2 Bg7 28. Bf7 Bxf7 29. Qxf7 Qxb2 30. Qxd5 Qe5) 27. Qd4+ (27. Nf5 {looks sharper.} Bxf5 28. Bxf5 Bc5 29. Qxd5 Bxe3+ 30. Kf1) 27... Qxd4 28. exd4 $11 {[%mdl 4096] Endgame KBB-KBN} Bg7 29. Ne2 Bg4 30. Kf2 Kg8 {Black is slightly better.} 31. h3 Bxe2 32. Kxe2 Bxd4 $15 {KB-KB} 33. b3 Kg7 34. Bf5 Kf6 35. Bc8 b6 36. Kd3 Ke5 37. Bb7 h5 38. a4 a5 39. Ba8 Bb2 40. Bb7 Kd6 41. Ba8 Kc5 {Av CentiPawn Loss W=-4/B=-2. Weighted=-4/-2} 1/2-1/2

[Event "Zlatni otok Krk Open 2020"]
[Site "Malinska"]
[Date "2020.11.06"]
[Round "3.6"]
[White "Soldo, Josip"]
[Black "Colev, Ivor"]
[Result "1/2-1/2"]
[WhiteElo "2102"]
[BlackElo "1769"]
[Annotator "TA"]
[PlyCount "90"]
[EventDate "2020.11.05"]
[EventType "swiss"]
[EventCountry "CRO"]
[SourceTitle "playchess.com"]
[Source "ChessBase"]
[SourceQuality "1"]

{[%evp 11,90,-17,-20,-36,-48,-41,-7,-42,-15,-39,-22,-30,-16,-34,-43,-36,-22,-35,0,-4,0,0,0,0,0,0,0,0,0,0,0,0,0,0,0,0,0,-6,0,-14,-37,-48,0,0,0,0,0,0,0,0,0,-103,-89,-177,-99,-89,0,0,0,0,0,0,0,0,0,0,0,0,0,0,0,0,0,0,0,0,0,0,0,0,0]} 1. d4 f5 2. e4 fxe4 3. Nc3 Nf6 4. Bg5 Nc6 5. d5 Ne5 6. Bxf6 exf6 7. Nxe4 {A83: Dutch Defence: Staunton Gambit with 3 Nc3 Nf6 4 Bg5.} f5 8. Nd2 {[#]} Bb4 $146 ({Predecessor:} 8... Bc5 9. Nb3 Bb6 10. Nf3 O-O 11. Nxe5 Re8 12. Be2 Rxe5 13. O-O d6 14. Nd2 Qf6 {0-1 (26) Domingos,C (2280)-Rodriguez Vila,A (2536) Istanbul 2012}) 9. Qe2 Qe7 10. O-O-O {Black should prevent Re1.} O-O 11. c3 Bd6 12. h3 b6 13. Ngf3 Re8 14. Nxe5 Bxe5 (14... Qxe5 {keeps more tension.} 15. Qxe5 Bxe5 16. Nf3 Bd6 17. Bc4 g6) 15. Qf3 {Threatens to win with d6.} d6 16. Bb5 Bd7 17. Bxd7 Qxd7 18. Qd3 Re7 19. Rhe1 Rae8 20. Kb1 Qa4 {White must now prevent ...Bxc3!} 21. Nf3 g6 22. Re2 Bf6 23. Rde1 Re4 24. g3 R8e7 25. h4 Qe8 $36 {[%cal Re4e2][%mdl 2048] Black has some pressure.} 26. Re3 Bg7 27. Ng5 Rxe3 28. Rxe3 Rxe3 29. fxe3 Qe5 30. Qc4 Qxe3 31. Ne6 (31. Qxc7 $11 {remains equal.} Qd3+ 32. Kc1 Qf1+ 33. Kd2 Qg2+ 34. Kc1 Qh1+ 35. Kc2 Qg2+ 36. Kc1 Qh1+ 37. Kc2 Qg2+ 38. Kc1) 31... Qxg3 $17 {aiming for ...Qg4.} 32. a3 {[#]} (32. a4 $17 Bf8 33. Qxc7 Qd3+ {[%mdl 64] Double Attack} 34. Kc1) 32... Qe1+ (32... Bf8 $1 $19 {...Qg4 is the strong threat.} 33. Qxc7 Qd3+ {[%mdl 64] Double Attack} 34. Kc1 Qf1+ 35. Kc2 Qg2+ 36. Kb1 Qe4+ 37. Kc1 Qh1+ 38. Kc2 Qg2+ 39. Kb1 Qh1+ 40. Kc2 Qe4+ 41. Kc1 Qe1+ 42. Kc2 Qe4+ 43. Kc1) 33. Ka2 Qe4 ({Black should play} 33... Qe5 $17 {Hoping for ...f4!} 34. Qc6 Bf8) 34. Qc6 $11 {White threatens Qe8+ and mate.The position is equal.} h6 35. Nxg7 Kxg7 36. Qxc7+ {[%mdl 4160] [#] Endgame Double Attack. KQ-KQ} Kg8 37. Qxd6 Qc4+ 38. Kb1 Qf1+ 39. Kc2 Qe2+ 40. Kc1 Qe1+ 41. Kc2 Qe2+ 42. Kb3 Qb5+ 43. Kc2 Qe2+ 44. Kb1 Qf1+ 45. Kc2 Qe2+ {Av CentiPawn Loss W=-8/B=-8. Weighted=-13/-9} 1/2-1/2

[Event "Zlatni otok Krk Open 2020"]
[Site "Malinska"]
[Date "2020.11.06"]
[Round "3.7"]
[White "Doric, Darko"]
[Black "Novak, Simona"]
[Result "1-0"]
[WhiteElo "2484"]
[BlackElo "1714"]
[Annotator "TA"]
[PlyCount "69"]
[EventDate "2020.11.05"]
[EventType "swiss"]
[EventCountry "CRO"]
[SourceTitle "playchess.com"]
[Source "ChessBase"]
[SourceQuality "1"]

{[%evp 11,69,22,35,26,47,29,28,23,29,32,35,18,12,0,0,6,5,0,0,-14,0,-8,-11,-16,-13,-30,0,0,33,-6,22,0,16,6,2,16,131,132,312,306,294,289,1064,1044,29985,29986,29986,29987,29987,29988,29988,29989,29989,29989,29987,29988,29988,29986,29985,29986]} 1. d4 d5 2. c4 c6 3. Nc3 Nf6 4. Nf3 e6 5. Bg5 Nbd7 6. e3 Bd6 7. cxd5 {D52: Queen's Gambit Declined: Cambridge Springs Variation.} cxd5 8. Bd3 h6 9. Bh4 {White has an edge.} O-O 10. O-O a6 11. e4 dxe4 $1 12. Nxe4 Be7 13. Qe2 {[#]} Nd5 $146 ({Predecessor:} 13... Re8 14. Rfd1 Nxe4 15. Qxe4 Bxh4 16. Nxh4 Nf6 17. Qe5 b6 18. Be4 Nxe4 19. Qxe4 Ra7 {1-0 (51) Chamam,N (2074)-Rekik,I (1949) Ariana 2019}) 14. Bxe7 Qxe7 15. g3 b5 16. Rad1 Bb7 17. Ne5 Rfd8 18. Bb1 N7f6 19. Nc5 Rac8 20. h3 Nb6 21. Kh2 Rd6 22. f4 Rcd8 23. Qf2 Bc8 {[#]} (23... h5 $11) 24. g4 $1 $16 {[%cal Rg4g5] Strongly threatening g5.} Nc4 $2 {This move loses the game for Black.} (24... Qc7 $16) 25. b3 $18 Na3 26. g5 hxg5 $2 (26... Nd5 27. Bd3 h5) 27. fxg5 {Threatens to win with Qh4.} Qc7 28. gxf6 {White mates.} Rxd4 {[#]} 29. Qg3 $1 {[%csl Gf6][%cal Rg3g7][%mdl 512]} Rd2+ 30. Rxd2 Rxd2+ 31. Kh1 {[%csl Gf6][%cal Rg3g7]} Bb7+ 32. Nxb7 Qxb7+ 33. Nf3 {[%csl Gf6][%cal Rg3g7]} g6 {[#]} 34. Bxg6 $1 fxg6 35. Qxg6+ {Av CentiPawn Loss W=-6/B=-81. Weighted=-7/-108} 1-0

[Event "Zlatni otok Krk Open 2020"]
[Site "Malinska"]
[Date "2020.11.06"]
[Round "3.8"]
[White "Ljubicic, Mario"]
[Black "Poljan, Max"]
[Result "1-0"]
[WhiteElo "2023"]
[BlackElo "1616"]
[Annotator "TA"]
[PlyCount "149"]
[EventDate "2020.11.05"]
[EventType "swiss"]
[EventCountry "CRO"]
[SourceTitle "playchess.com"]
[Source "ChessBase"]
[SourceQuality "1"]

{[%evp 13,149,0,10,-23,-2,-11,7,8,10,9,17,11,21,0,0,6,23,8,25,33,29,25,29,31,33,30,44,38,61,43,45,37,42,39,49,0,0,0,0,-23,0,0,0,0,22,2,4,0,0,0,0,3,113,104,122,113,87,66,109,122,221,215,194,200,585,681,560,567,948,907,666,496,397,120,120,120,120,120,120,8,120,120,120,120,120,120,120,120,120,120,120,120,120,120,120,120,120,120,120,8,8,8,8,8,972,845,823,47,29968,29969,29963,29963,29974,29976,29976,29977,29979,29980,29980,29981,29980,29981,29981,29983,29982,29984,29986,29987,29987,29988,29988,29989,29991,29992,29992,29993,29994,29995]} 1. e4 c5 2. Nf3 e6 3. d3 Nc6 4. g3 Nf6 5. Bg2 d6 6. O-O Be7 7. Qe2 O-O 8. h4 {B40: Sicilian: 2...e6, Unusual lines.} Qc7 9. Re1 {[#]} Bd7 $146 ({Predecessor:} 9... e5 10. Nc3 Bg4 11. Qd2 Qd7 12. Nd1 Rae8 13. Ne3 Bh5 14. Ng5 h6 15. Nf3 Bg6 {1-0 (34) Nielsen,S (2165)-Sandor,T (2120) Eger 1998}) 10. Na3 {The position is equal.} a6 11. e5 Nxe5 12. Nxe5 dxe5 13. Qxe5 Qxe5 14. Rxe5 Rab8 15. Bf4 Bd6 16. Nc4 Bxe5 17. Bxe5 Nd5 18. Bxb8 Rxb8 19. a4 f6 20. c3 Kf7 21. Kf1 h6 22. a5 Bc6 23. Re1 Rd8 24. Bh3 Nc7 25. Ke2 g5 26. h5 Ne8 27. Kd2 Ng7 28. Bg4 Bb5 29. Kc2 Rd7 30. Bf3 Bxc4 31. dxc4 $11 {[%mdl 4096] Endgame KRB-KRN} Ne8 32. b4 cxb4 (32... Rc7 $11) 33. cxb4 $16 Rc7 34. Kb3 Nd6 35. Rc1 f5 36. Rc2 Kf6 {[#]} (36... Ke7 $16) 37. b5 $1 $18 {[%mdl 512]} axb5 38. cxb5 Rxc2 $2 (38... Rd7 {is more resistant.}) 39. Kxc2 Nxb5 {And now ...Nd4+ would win.} 40. Bxb7 {KB-KN} e5 41. Kd3 Ke6 42. Bc8+ Kf6 43. a6 $2 (43. Ba6 $18 {is more deadly.} Nd6 44. Bc4) 43... e4+ $16 44. Ke3 Ke5 45. f4+ exf3 46. Bd7 ({Only move:} 46. Kxf3 $16 Na7 47. Bd7) 46... f4+ (46... Nc7 $11 47. a7 g4) 47. gxf4+ gxf4+ 48. Kxf3 Na7 49. Bh3 Nc6 50. Bg4 Na7 51. Bd7 Kd6 52. Bf5 Ke5 53. Be4 Nc8 54. Bb7 Na7 55. Ke2 {Black must now prevent Kd3.} Kd4 56. Kd2 ({White should play} 56. Bg2 $16) 56... Nb5 $11 57. Bc6 Na7 58. Bd7 Ke5 $2 {[%mdl 8192] [#] Black is now going downhill.} (58... Kc5 $11) 59. Kd3 $1 $18 {[%cal Rd3e2]} Kd6 60. Bh3 $2 (60. Bg4 $18 {aiming for Ke4.} Kd5 61. Bf3+ Ke5 62. Kc4) 60... Kc5 $2 {[%mdl 8192]} (60... Nb5 $14) 61. Ke4 {White mates.} f3 62. Kxf3 Kb6 63. Bf1 Nc8 64. Kf4 Nd6 65. Ke5 Nf7+ 66. Kf6 Ng5 67. Kg6 Ne4 68. Kxh6 Ng3 69. Bd3 Nxh5 70. Kxh5 Ka7 71. Kg5 Kb6 72. Kf6 Ka7 73. Ke6 Kb6 74. Kd6 Ka7 75. Kc6 {Av CentiPawn Loss W=-25/B=-41. Weighted=-27/-45} 1-0